[Event "Wch FIDE Online U18"]
[Site "Tornelo INT"]
[Date "2020.12.19"]
[Round "1.1"]
[White "Esipenko, Andrey"]
[Black "Machinya, Desire"]
[Result "1-0"]
[WhiteElo "2686"]
[BlackElo "1638"]
[PlyCount "67"]
[EventDate "2020.12.19"]
[EventType "k.o. (rapid)"]
[EventRounds "4"]
[EventCountry "ISS"]
[SourceTitle "EXT 2022"]
[Source "ChessBase"]
[SourceDate "2021.10.06"]
[SourceVersion "1"]
[SourceVersionDate "2021.10.06"]
[SourceQuality "1"]

1. d4 Nf6 2. c4 g6 3. Nc3 d5 4. cxd5 Nxd5 5. e4 Nxc3 6. bxc3 Bg7 7. Nf3 0-0 8. Be3 c5 9. Qd2 Bg4 10. Rb1 Bxf3 11. gxf3 cxd4 12. cxd4 b6 13. Be2 Nd7 14. 0-0 Qc7 15. Ba6 Rad8 16. Rbc1 Qb8 17. Qc2 Qd6 18. Rfd1 Nb8 19. Bf1 Qd7 20. Qc7 f5 21. Qxd7 Rxd7 22. d5 h6 23. Bb5 Rdd8 24. Rc7 fxe4 25. fxe4 a6 26. Be2 b5 27. Rxe7 Nd7 28. f4 Rfe8 29. Rxe8+ Rxe8 30. e5 Nb8 31. d6 Nd7 32. Bg4 Rd8 33. Bxd7 Rxd7 34. e6 1-0